Descubriendo Tiwanaku (Record no. 8840)

MARC details
000 -CABECERA
campo de control de longitud fija 00630nam a2200229 a 4500
001 - NÚMERO DE CONTROL
campo de control BRL_27
005 - FECHA Y HORA DE LA ÚLTIMA TRANSACCIÓN
campo de control 20190320210545.0
008 - DATOS DE LONGITUD FIJA--INFORMACIÓN GENERAL
campo de control de longitud fija 820204s1980 bo-af#####---#000-0#spa-#
040 ## - FUENTE DE LA CATALOGACIÓN
Centro catalogador/agencia de origen DLC
Centro/agencia transcriptor DLC
Centro/agencia modificador DLC
041 ## - CÓDIGO DE LENGUA
Código de lengua del texto/banda sonora o título independiente spa
044 ## - CÓDIGO DEL PAÍS DE LA ENTIDAD EDITORA/PRODUCTORA
Código MARC del país bo
050 #4 - SIGNATURA TOPOGRÁFICA DE LA BIBLIOTECA DEL CONGRESO
Número de clasificación F3319.1.T5
Número de documento/Ítem .B64 1980
100 1# - ENTRADA PRINCIPAL--NOMBRE DE PERSONA
Nombre de persona Boero Rojo, Hugo
9 (RLIN) 22687
245 10 - MENCIÓN DE TÍTULO
Título Descubriendo Tiwanaku
Mención de responsabilidad, etc. Hugo Boero Rojo.
260 ## - PUBLICACIÓN, DISTRIBUCIÓN, ETC.
Lugar de publicación, distribución, etc. Bolivia
Nombre del editor, distribuidor, etc. Los Amigos del Libro
Fecha de publicación, distribución, etc. 1980
300 ## - DESCRIPCIÓN FÍSICA
Extensión 338 p.
Otras características físicas il. (algunas a color), mapas
Dimensiones 18 cm.
440 #0 - MENCIÓN DE SERIE/PUNTO DE ACCESO ADICIONAL--TÍTULO
Título Colección ´Bolivia mágica´
9 (RLIN) 22688
500 ## - NOTA GENERAL
Nota general Au89
651 #4 - PUNTO DE ACCESO ADICIONAL DE MATERIA--NOMBRE GEOGRÁFICO
Nombre geográfico Tiwanaku
Subdivisión cronológica Historia
9 (RLIN) 22689
902 ## - CATALOGADOR
Iniciales GRL
942 ## - ELEMENTOS DE PUNTO DE ACCESO ADICIONAL (KOHA)
Fuente del sistema de clasificación o colocación Library of Congress Classification
Tipo de ítem Koha Libros
Holdings
Estado de retiro Estado de pérdida Estado dañado No para préstamo Localización permanente Ubicación/localización actual Fecha de adquisición Número de inventario Total de préstamos Signatura topográfica completa Código de barras Fecha visto por última vez Precio válido a partir de Tipo de ítem Koha
El ejemplar forma parte de la colección y puede ser consultado según las políticas vigentes.       Biblioteca Centro de Estudios Ruth D. Lechuga Biblioteca Centro de Estudios Ruth D. Lechuga 26/09/2012 Au89   F3319.1.T5 .B64 1980 (Au89) GRL00028 22/03/2019 22/03/2019 Libros